QCM animaux n°1 - Statistiques

Statistiques générales
  • Ce quiz a été pris 922 fois
  • Le résultat moyen est 9 sur 10
Statistiques - réponses
Question Réponse % Correct
Reptile au corps entouré d’une carapace osseuse. Une tortue
98%
Reptile sans membres, parfois venimeux, qui se déplace en rampant. Un serpent
98%
Mammifère d’Australie dont le bec corné ressemble à celui du canard. Un ornithorynque
95%
Grand mammifère carnivore, lourd, à fourrure épaisse. Un ours
95%
Oiseau palmipède des régions chaudes, à large bec doté d’une poche extensible. Un pélican
91%
Poisson marin, très vorace, long et mince. Une murène
90%
Mammifère ongulé, le plus gros animal terrestre actuel, à trompe et à peau rugueuse, pourvu d’incisives supérieures allongées en défenses. Un éléphant
89%
Insecte hyménoptère vivant sous terre en société Une fourmi
77%
Mammifère carnassier qui dévore des reptiles. Une mangouste
65%
Animal marin dont le squelette est formé d’un tissu fibreux et poreux. Une éponge
56%
Aucun quiz correspondant
Distribution des résultats
% des personnes avec chaque résultat
Percentile par nombre de réponses
Votre historique - résultats
Vous n’avez pas pris ce quiz